Guess the 1960s song lyrics #79 - Statistics

General Stats
  • This quiz has been taken 32 times
  • The average score is 50 of 76
Answer Stats
Answer % Correct
a
97%
a
97%
a
97%
A
97%
a
97%
The
97%
The
97%
The
97%
The
97%
The
97%
Addams
93%
Addams
93%
Addams
93%
Addams
93%
Addams
93%
and
93%
and
93%
and
93%
and
93%
family
93%
family
93%
family
93%
family
93%
family
93%
They
90%
They're
90%
they're
90%
They're
90%
They're
90%
they're
90%
They're
90%
creepy
79%
creepy
79%
spooky
79%
spooky
79%
are
76%
kooky
76%
kooky
76%
to
76%
see
66%
When
66%
is
62%
people
62%
come
59%
museum
59%
altogether
55%
altogether
55%
Mysterious
55%
Mysterious
55%
ooky
55%
ooky
55%
house
52%
really
52%
scream
52%
em
48%
on
48%
on
48%
on
48%
Their
48%
you
41%
can
38%
Neat
34%
Petite
34%
So
34%
We're
34%
Sweet
31%
gonna
21%
call
17%
put
17%
broomstick
14%
crawl
14%
pay
14%
shawl
14%
Strange
14%
Deranged
10%
witch's
10%
No matching quizzes found
Score Distribution
Percent of People with Each Score
Percentile by Number Answered
Your Score History
You have not taken this quiz